Archwilio (Record no. 121056)

MARC details
000 -LEADER
fixed length control field 01294cai a22002535a 4500
001 - CONTROL NUMBER
control field E159912
008 - FIXED-LENGTH DATA ELEMENTS--GENERAL INFORMATION
fixed length control field 080811u xxk g 000 0 eng d
035 ## - SYSTEM CONTROL NUMBER
System control number (Sirsi) u159912
041 0# - LANGUAGE CODE
Language code of text/sound track or separate title eng
110 2# - MAIN ENTRY--CORPORATE NAME
Corporate name or jurisdiction name as entry element Welsh Government
9 (RLIN) 6155
245 00 - TITLE STATEMENT
Title Archwilio
Remainder of title Historic Environment Records of Wales
Medium [electronic resource]
520 ## - SUMMARY, ETC.
Summary, etc. Provides public access to the historic environment records (HERs) for each local authority area in Wales. It includes (or provides access to) information on tens of thousands of historic sites or investigative work across Wales. The HERs are maintained on behalf of the Welsh Ministers by the four regional Welsh Archaeological Trusts and in fulfilment of the requirements of the Historic Environment (Wales) Act 2016.
590 ## - LOCAL NOTE (RLIN)
Local note KA
650 24 - SUBJECT ADDED ENTRY--TOPICAL TERM
Topical term or geographic name entry element HISTORIC ENVIRONMENT
650 24 - SUBJECT ADDED ENTRY--TOPICAL TERM
Topical term or geographic name entry element HISTORIC ENVIRONMENT (WALES) ACT 2016
651 #4 - SUBJECT ADDED ENTRY--GEOGRAPHIC NAME
Geographic name Wales
690 ## - LOCAL SUBJECT ADDED ENTRY--TOPICAL TERM (OCLC, RLIN)
Topical term or geographic name as entry element BUILT ENVIRONMENT-BUILDING TYPES-ANCIENT MONUMENTS AND HISTORIC BUILDINGS
710 2# - ADDED ENTRY--CORPORATE NAME
Corporate name or jurisdiction name as entry element Clwyd-Powys Archeological Trust
9 (RLIN) 6200
710 2# - ADDED ENTRY--CORPORATE NAME
Corporate name or jurisdiction name as entry element Dyfed Archeological Trust
9 (RLIN) 6201
710 2# - ADDED ENTRY--CORPORATE NAME
Corporate name or jurisdiction name as entry element Gwynedd Aarcheological Trust
9 (RLIN) 6202
710 2# - ADDED ENTRY--CORPORATE NAME
Corporate name or jurisdiction name as entry element Glamorgan-Gwen Archeological Trust
9 (RLIN) 6203
856 40 - ELECTRONIC LOCATION AND ACCESS
Uniform Resource Identifier <a href="https://archwilio.org.uk/arch/">https://archwilio.org.uk/arch/</a>
Public note View the website free of charge at archwilio.org.uk...
942 ## - ADDED ENTRY ELEMENTS (KOHA)
Suppress in OPAC 0
Holdings
Withdrawn status Lost status Source of classification or shelving scheme Damaged status Not for loan Home library Current library Shelving location Date acquired Total Checkouts Full call number Barcode Date last seen Copy number Price effective from Koha item type
    Dewey Decimal Classification     Virtual Virtual Online 23/03/2018   WEB-SITE 159912-2001 06/08/2019 1 06/08/2019 Online material